| 000 | 00406nam a2200169Ia 4500 | ||
|---|---|---|---|
| 003 | GCL | ||
| 008 | 140319s9999 xx 000 0 eng d | ||
| 040 |
_aGCL / _cGCL |
||
| 082 | 0 | 4 |
_a745.73 _bS S |
| 100 | 1 | _aSKINNER, BETSY | |
| 245 | 1 | 0 |
_aSTENCILLING / _cSKINNER, BETSY |
| 260 |
_a[S.N] : _bTHE APPLE PRESS ، _c1994 |
||
| 300 | _a48 | ||
| 650 | 0 | 4 | _aHANDCRAFT |
| 650 | 0 | 4 | _aSTENCILING |
| 942 |
_2ddc _cBK |
||
| 999 |
_c24450 _d24450 |
||